000 00909 a2200241 4500
005 20160425114022.0
008 160425s2016 ck ||||fr|||| 000 0 spa d
020 _a9789589283110
040 _aCO-BoUCM
_bspa
_cSaul Niño
_dSaul Niño
041 0 _aspa
110 2 _aParlamento Andino
_94531
245 1 0 _aMarco normativo para la protección y salvaguardia del patrimonio cultural
_cParlamento Andino
260 _bParlamento Andino
_c2016
_aBogotá (Colombia)
300 _a51 páginas
490 0 _aMarcos normativos
_v4
650 7 _912417
_aCulturas nacionales
_xProtección
_zColombia
650 7 _918345
_aLegislación social
_zColombia
650 7 _919747
_aMonumentos históricos
_xConservación y restauración
_zColombia
650 7 _97901
_aPatrimonio cultural
690 0 _aDerecho social
_912830
942 _cLIBRO
_2DEWEY
_a8
_e1
_h344.094
_mP252an
999 _c303213
_d303213